[Event "Torneo de Navidad Base y Senior - Casino Primitivo"]
[Site "Calle Maestra 3 (Palacio de Cultura) - Jaén, Spain"]
[Date "2024.12.14"]
[Round "4.2"]
[White "Gamundi Salamanca, Antonio"]
[Black "Blanca Almagro, Miguel Angel"]
[Result "1-0"]
[WhiteElo "2416"]
[BlackElo "1896"]
[PlyCount "71"]
[GameId "2123154279458207"]
[EventDate "2024.??.??"]

{[%evp 0,59,19,34,15,23,14,14,20,26,95,120,32,22,43,22,53,55,58,0,-55,19,56,58,54,63,13,65,13,55,61,67,57,-79,47,0,75,46,-35,12,17,90,131,160,190,184,184,184,177,61,71,83,218,150,150,206,211,214,217,124,247,179]} 1. e4 c5 2. Nf3 d6 3. Bb5+ Nc6 4. O-O g6 5. Re1 Bg7 6. c3 Nf6 7. h3 O-O 8. d4 Qb6 9. Bxc6 Qxc6 10. d5 Qc7 11. c4 Nd7 12. Nc3 Ne5 13. Nxe5 Bxe5 14. Bh6 Re8 15. Qd2 a6 16. a4 Bd7 17. f4 Bf6 18. Re2 Rab8 19. Rae1 b5 20. e5 dxe5 21. fxe5 Bh8 22. e6 fxe6 23. dxe6 Bc6 24. Nd5 Bxd5 25. cxd5 Bg7 26. Bf4 Qb6 27. Bxb8 Qxb8 28. axb5 axb5 29. Rf1 Qd6 30. Rf7 Ra8 31. Qf4 Qxd5 32. Rxe7 Ra1+ 33. Kh2 Qf5 34. Re8+ Bf8 35. Qxf5 gxf5 36. e7 1-0

[Event "Torneo de Navidad Base y Senior - Casino Primitivo"]
[Site "Calle Maestra 3 (Palacio de Cultura) - Jaén, Spain"]
[Date "2024.12.14"]
[Round "4.3"]
[White "Liebana Sanchez, Hugo"]
[Black "Alvarez Fernandez, Carlos Rene"]
[Result "0-1"]
[WhiteElo "1863"]
[BlackElo "2304"]
[PlyCount "48"]
[GameId "2123154318697903"]
[EventDate "2024.??.??"]

{[%evp 0,48,12,41,25,-19,26,23,56,27,22,30,20,30,33,35,37,38,26,65,49,2,29,-22,13,-116,-136,-71,-130,-131,-137,-199,-319,-299,-250,-308,-361,-357,-361,-363,-127,-797,-605,-626,-565,-645,-687,-847,-704,-1094,-1064]} 1. d4 d6 2. c4 Nf6 3. Nc3 g6 4. e4 Bg7 5. h3 O-O 6. Be3 c5 7. d5 b5 8. cxb5 a6 9. a4 Qa5 10. Qd2 Nbd7 11. Nf3 Qb4 12. Qc2 Nxe4 13. Bd2 Nxd2 14. Nxd2 Ne5 15. Be2 axb5 16. O-O Bf5 17. Nde4 bxa4 18. g4 Bxe4 19. Nxe4 Rfb8 20. f4 Qxb2 21. Qxb2 Rxb2 22. fxe5 Rxe2 23. Ng5 Bxe5 24. Nxf7 Bxa1 0-1

[Event "Torneo de Navidad Base y Senior - Casino Primitivo"]
[Site "Calle Maestra 3 (Palacio de Cultura) - Jaén, Spain"]
[Date "2024.12.14"]
[Round "4.4"]
[White "Castillo Gallego, Sergio"]
[Black "Plazas Sanchez, Ruben"]
[Result "1-0"]
[WhiteElo "2159"]
[BlackElo "1613"]
[PlyCount "109"]
[GameId "2123154364159424"]
[EventDate "2024.??.??"]

{[%evp 0,66,21,29,18,18,25,19,44,28,35,37,47,30,53,42,55,60,70,50,31,40,43,43,31,17,-9,12,35,23,41,30,24,42,61,52,99,87,68,77,106,74,18,25,10,6,54,60,-15,19,25,8,294,240,292,260,260,-28,-102,-31,-22,-24,-24,-30,-23,-31,-32,-36,-16]} 1. e4 c5 2. Nf3 Nc6 3. Bb5 Nd4 4. Nxd4 cxd4 5. c3 a6 6. Bd3 dxc3 7. dxc3 e6 8. O-O d6 9. Bf4 Nf6 10. Nd2 Be7 11. Re1 O-O 12. Qf3 e5 13. Be3 Ng4 14. Nc4 Nxe3 15. Nxe3 Be6 16. Bc4 Bd7 17. Rad1 Bc6 18. Rd3 Qc7 19. Nf5 b5 20. Qg4 g6 21. Nh6+ Kg7 22. Nf5+ Kg8 23. Bb3 Rad8 24. Rf3 d5 25. exd5 Rxd5 26. Bxd5 Bxd5 27. Nxe7+ Qxe7 28. Qb4 Qxb4 29. cxb4 Bxf3 30. gxf3 Re8 31. Rc1 Re6 32. Kf1 Kg7 33. Ke2 e4 34. f4 Rd6 35. Rc5 f5 36. a4 bxa4 37. Ra5 Rc6 38. Kd2 Rd6+ 39. Kc3 Rd3+ 40. Kc4 Rd2 41. Rxa6 Rxb2 42. b5 Rxf2 43. b6 e3 44. Kd3 Rxf4 45. Kxe3 Rb4 46. Kd3 a3 47. Kc3 Rb5 48. Kc4 Rb1 49. Kc5 f4 50. Rxa3 g5 51. Ra7+ Kg6 52. Ra6 Kf5 53. Ra5 Rc1+ 54. Kd6+ Kg6 55. Rc5 1-0

[Event "Torneo de Navidad Base y Senior - Casino Primitivo"]
[White "Cuevas Padilla, Bernabe"]
[Black "Barruz Serrano, Antonio Angel"]
[Site "Calle Maestra 3 (Palacio de Cultura) - Jaén, Spain"]
[Round "4.5"]
[Result "0-1"]
[Date "2024.12.14"]
[WhiteElo "1895"]
[BlackElo "1938"]
[PlyCount "29"]
[GameId "2123142722330798"]
[EventDate "2024.??.??"]

1. d4 d5 2. c4 c6 3. Nc3 Nf6 4. Nf3 a6 5. a4 g6 6. g3 dxc4 7. Ne5 Bg7 8. Nxc4 O-O 9. Bg2 Be6 10. Ne5 Qc8 11. O-O Nbd7 12. Qc2 Nxe5 13. dxe5 Nd5 14. f4 Nxc3 15. bxc3 0-1

[Event "Torneo de Navidad Base y Senior - Casino Primitivo"]
[Site "Calle Maestra 3 (Palacio de Cultura) - Jaén, Spain"]
[Date "2024.12.14"]
[Round "4.6"]
[White "Collado Moral, Adrian"]
[Black "Gamez Lara, Cesar Julio"]
[Result "1/2-1/2"]
[WhiteElo "1670"]
[BlackElo "1841"]
[PlyCount "130"]
[GameId "2123154587964893"]
[EventDate "2024.??.??"]

{[%evp 0,72,22,0,19,10,6,16,6,0,11,13,0,4,4,4,8,4,6,-4,0,-9,3,-43,18,-43,-29,-33,-44,-40,-30,-90,-62,-66,-41,-56,110,-29,-2,-7,-63,-17,-146,-69,-78,-109,-156,-1,-13,-189,-61,80,-51,-113,-53,-68,-100,-134,-143,-158,-43,-408,-97,-119,-298,-288,-138,-325,-310,-315,-16,66,-2,1,-7]} 1. d4 d5 2. Nf3 Nf6 3. e3 e6 4. Bd3 Be7 5. b3 O-O 6. Bb2 Nbd7 7. Nbd2 c5 8. O-O b6 9. Ne5 Bb7 10. f4 Rc8 11. g4 cxd4 12. exd4 Ne4 13. Qe2 f5 14. gxf5 exf5 15. c4 Ndf6 16. Rac1 Qe8 17. cxd5 Bxd5 18. Bb5 Qh5 19. Qxh5 Nxh5 20. Nxe4 fxe4 21. Nd7 Rxc1 22. Bxc1 Rd8 23. Ne5 Nf6 24. Bc6 Bxc6 25. Nxc6 Rd7 26. Bb2 Bf8 27. Rc1 Nd5 28. f5 Rf7 29. Ne5 Rc7 30. Re1 e3 31. Nc4 Bb4 32. Re2 Re7 33. Bc1 Nc3 34. Rxe3 Rxe3 35. Bxe3 Nxa2 36. Ne5 Nc3 37. Nc6 a5 38. Kf1 Nd5 39. Bc1 Kf8 40. Ke2 Kf7 41. Kf3 Kf6 42. Ke4 Nc3+ 43. Kd3 Kxf5 44. Nxb4 axb4 45. Kc4 Ne2 46. Be3 Ke4 47. Bf2 Kf3 48. Bh4 h6 49. Bd8 b5+ 50. Kxb4 Nxd4 51. Kc3 Nc6 52. Bc7 g5 53. Bd6 h5 54. Kd2 g4 55. Bg3 Kg2 56. Kd3 Kh3 57. Ke4 h4 58. Bd6 g3 59. hxg3 hxg3 60. Bxg3 Kxg3 61. Kd5 Na5 62. b4 Nb3 63. Kc6 Nd4+ 64. Kc5 Nc2 65. Kxb5 Nxb4 1/2-1/2

[Event "Torneo de Navidad Base y Senior - Casino Primitivo"]
[Site "Calle Maestra 3 (Palacio de Cultura) - Jaén, Spain"]
[Date "2024.12.14"]
[Round "4.7"]
[White "Lirio Palomino, Javier"]
[Black "Cobo Montejo, Miguel Angel"]
[Result "0-1"]
[WhiteElo "1670"]
[BlackElo "2085"]
[PlyCount "82"]
[GameId "2123154632599022"]
[EventDate "2024.??.??"]

{[%evp 0,54,26,21,30,81,22,0,-11,38,-2,-4,-7,-24,-25,-37,-27,-58,3,-132,-178,-187,-151,-220,-164,-210,-145,-151,-113,-104,-101,-95,-89,-227,-86,-74,-83,-196,-32,-75,-93,-98,-284,-145,-91,-79,-30,-203,-49,-102,41,-16,118,69,136,-26,-213]} 1. e4 c5 2. Nc3 a6 3. f4 e6 4. Nf3 b5 5. d3 Bb7 6. Be3 Nf6 7. h3 b4 8. Nb1 d5 9. exd5 Nxd5 10. Qd2 Bd6 11. Be2 Nd7 12. O-O Qc7 13. Ng5 N7f6 14. Ne4 Nxe4 15. dxe4 Nxe3 16. Qxe3 c4 17. Kh1 Bc5 18. Qf3 Ba7 19. Nd2 c3 20. bxc3 bxc3 21. Nc4 O-O 22. Bd3 f5 23. Qe2 Rae8 24. Rae1 fxe4 25. Bxe4 Bd5 26. Ne5 Bd4 27. Nf3 Bxe4 28. Qxe4 Rxf4 29. Qd3 Ba7 30. Qxa6 Bb8 31. Kg1 Ref8 32. Qxe6+ Kh8 33. Ne5 Ba7+ 34. Kh2 g6 35. Rxf4 Rxf4 36. Rd1 Rf8 37. Rd7 Qb8 38. Qe7 Qxe5+ 39. Qxe5+ Kg8 40. Kg3 Rf2 41. Kg4 h6 0-1

[Event "Torneo de Navidad Base y Senior - Casino Primitivo"]
[Site "Calle Maestra 3 (Palacio de Cultura) - Jaén, Spain"]
[Date "2024.12.14"]
[Round "5.1"]
[White "Bernabeu Lopez, Carlos Javier"]
[Black "Castillo Gallego, Sergio"]
[Result "1-0"]
[WhiteElo "2418"]
[BlackElo "2159"]
[PlyCount "77"]
[GameId "2123154668836351"]
[EventDate "2024.??.??"]

{[%evp 0,56,13,19,9,-18,-11,2,-5,12,21,6,-23,0,31,-23,38,6,9,0,26,-42,14,23,28,14,13,43,65,16,13,-25,25,5,184,114,74,95,113,112,137,77,68,68,72,9,-1,-1,38,72,159,144,171,83,373,165,165,227,150]} 1. Nf3 d5 2. g3 e6 3. Bg2 Nf6 4. O-O Bd6 5. d3 O-O 6. Nc3 c6 7. e4 dxe4 8. dxe4 e5 9. Qe2 Na6 10. Be3 Qe7 11. Rad1 h6 12. Nh4 Bg4 13. Bf3 Be6 14. a3 Bc5 15. b4 Bb6 16. Na4 Nc7 17. Nxb6 axb6 18. Bxb6 Rfd8 19. Ra1 Ra6 20. Bc5 Qe8 21. a4 b5 22. a5 Bc4 23. Qe1 Ne6 24. Bb6 Rd4 25. Nf5 Bxf1 26. Nxd4 Rxb6 27. axb6 Nxd4 28. Qxf1 Nxf3+ 29. Kg2 Qb8 30. Kxf3 Qxb6 31. Qd3 Qb8 32. Kg2 Kh7 33. h3 Qc7 34. Rd1 Qb6 35. Qf3 Qb8 36. c3 Qe8 37. Qf5+ Kg8 38. Rd6 Qe7 39. Rxc6 1-0

[Event "Torneo de Navidad Base y Senior - Casino Primitivo"]
[Site "Calle Maestra 3 (Palacio de Cultura) - Jaén, Spain"]
[Date "2024.12.14"]
[Round "5.2"]
[White "Alvarez Fernandez, Carlos Rene"]
[Black "Gamundi Salamanca, Antonio"]
[Result "1-0"]
[WhiteElo "2304"]
[BlackElo "2416"]
[PlyCount "51"]
[GameId "2123154707502608"]
[EventDate "2024.??.??"]

{[%evp 0,46,23,35,26,-19,38,45,37,37,33,25,23,18,27,23,30,-10,0,20,9,103,48,-1,49,55,18,63,53,65,59,63,63,71,45,126,71,89,53,36,42,16,-32,78,180,22,152,115,110]} 1. d4 Nf6 2. c4 g6 3. Nc3 d5 4. cxd5 Nxd5 5. e4 Nxc3 6. bxc3 Bg7 7. Nf3 c5 8. Be2 O-O 9. O-O cxd4 10. cxd4 b6 11. Be3 Bb7 12. Qd3 Ba6 13. Qd2 Bxe2 14. Qxe2 Nc6 15. Rad1 Rc8 16. d5 Na5 17. Bd4 Qc7 18. Bxg7 Kxg7 19. e5 Rfd8 20. Rd4 Qc2 21. Qe3 Rc3 22. Qg5 f6 23. Qg3 Qf5 24. Rf4 Qh5 25. Rh4 Rxf3 26. exf6+ 1-0

[Event "Torneo de Navidad Base y Senior - Casino Primitivo"]
[Site "Calle Maestra 3 (Palacio de Cultura) - Jaén, Spain"]
[Date "2024.12.14"]
[Round "5.3"]
[White "Barruz Serrano, Antonio Angel"]
[Black "Ordonez Torres, Maria del Carmen"]
[Result "0-1"]
[WhiteElo "1938"]
[BlackElo "2046"]
[PlyCount "80"]
[GameId "2123154743100961"]
[EventDate "2024.??.??"]

{[%evp 0,68,20,22,-8,25,23,24,17,13,15,16,24,14,47,10,9,-17,-12,0,12,15,5,-20,-5,-14,-61,0,-2,-2,-16,-32,9,22,20,-26,2,-37,0,7,39,17,27,13,1,-7,-12,-49,1,-75,-132,-70,-172,-96,-157,-95,-35,-65,-8,-104,-42,-168,-145,-99,-257,-105,-87,-66,-28,-87,-62]} 1. e4 e5 2. Nf3 Nc6 3. Bc4 Bc5 4. c3 Nf6 5. d3 d6 6. O-O a6 7. Bb3 Ba7 8. Bg5 h6 9. Be3 O-O 10. Bxa7 Rxa7 11. h3 Ra8 12. Nh2 d5 13. Qe2 d4 14. Na3 b5 15. Rad1 Be6 16. Bxe6 fxe6 17. Kh1 Qe8 18. g3 Qg6 19. Nc2 Rad8 20. Ne1 Rd7 21. Ng2 Rfd8 22. Kg1 dxc3 23. bxc3 b4 24. cxb4 Nxb4 25. Nh4 Qe8 26. N2f3 Nxd3 27. Rb1 g5 28. Ng2 Qg6 29. Nd2 Nc5 30. Nc4 Qxe4 31. Qxe4 Ncxe4 32. Nxe5 Rd5 33. Nc6 R8d7 34. Ne3 Rc5 35. Nb8 Rd6 36. Rfc1 Rxc1+ 37. Rxc1 c5 38. Rb1 Rd2 39. Nxa6 Rxa2 40. Rc1 Rxa6 0-1

[Event "Torneo de Navidad Base y Senior - Casino Primitivo"]
[Site "Calle Maestra 3 (Palacio de Cultura) - Jaén, Spain"]
[Date "2024.12.14"]
[Round "5.4"]
[White "Blanca Almagro, Miguel Angel"]
[Black "Rusillo Ramirez, Bernabe"]
[Result "1-0"]
[WhiteElo "1896"]
[BlackElo "1695"]
[PlyCount "63"]
[GameId "2123154781406770"]
[EventDate "2024.??.??"]

{[%evp 0,47,6,25,19,16,34,31,38,38,42,35,28,89,30,34,35,30,35,28,30,33,44,42,79,112,126,60,26,14,0,-4,12,10,104,31,122,91,157,164,130,172,173,174,257,120,283,203,283,249]} 1. d4 Nf6 2. Nf3 g6 3. c4 Bg7 4. Nc3 d6 5. e4 O-O 6. Be2 e5 7. d5 Nbd7 8. Qc2 h6 9. O-O Nh7 10. Rb1 f5 11. b4 fxe4 12. Nxe4 Qe8 13. c5 Ndf6 14. Nxf6+ Nxf6 15. Qb3 Qf7 16. Bc4 e4 17. Nd4 Ng4 18. Ne6 Bxe6 19. dxe6 Qe7 20. h3 Ne5 21. Bd5 Rab8 22. Bxe4 Kh7 23. Be3 Rfe8 24. cxd6 Qxd6 25. Qc2 Qxe6 26. Rfe1 c6 27. Bxa7 Ra8 28. Qc5 Bf8 29. Qb6 Qxa2 30. Qxb7+ Kg8 31. Ra1 Qc4 32. b5 1-0

[Event "Torneo de Navidad Base y Senior - Casino Primitivo"]
[Site "Calle Maestra 3 (Palacio de Cultura) - Jaén, Spain"]
[Date "2024.12.14"]
[Round "5.5"]
[White "Barruz Ramirez, Antonio Angel"]
[Black "Liebana Sanchez, Hugo"]
[Result "0-1"]
[WhiteElo "1699"]
[BlackElo "1863"]
[PlyCount "28"]
[GameId "2123154848392771"]
[EventDate "2024.??.??"]

{[%evp 0,28,12,35,16,18,33,24,1,3,7,16,15,13,8,-13,20,15,12,24,21,18,20,145,17,35,16,18,48,82,55]} 1. d4 Nf6 2. Nf3 g6 3. e3 Bg7 4. Bd3 d6 5. O-O O-O 6. e4 Nbd7 7. Bf4 Nh5 8. Bg5 h6 9. Be3 e5 10. c3 Re8 11. Nbd2 b6 12. Re1 Bb7 13. Qc2 Nf4 14. Bc4 Ne6 0-1

[Event "Torneo de Navidad Base y Senior - Casino Primitivo"]
[Site "Calle Maestra 3 (Palacio de Cultura) - Jaén, Spain"]
[Date "2024.12.14"]
[Round "5.6"]
[White "Lopez Rebelles, Damian"]
[Black "Prieto Melendrez, Gustavo"]
[Result "1-0"]
[WhiteElo "1685"]
[BlackElo "1823"]
[PlyCount "99"]
[GameId "2123155038725716"]
[EventDate "2024.??.??"]

{[%evp 0,63,18,27,0,16,15,9,46,21,3,3,6,5,6,-10,-22,-10,29,-34,-108,-41,-106,-70,0,-40,-38,31,-46,-47,-40,-112,-83,-213,-126,-119,-136,-146,-116,-120,-127,-92,-70,-55,-83,-40,-26,-157,-13,-17,-24,-51,-39,-43,-36,-36,1,1,0,-19,1,-16,-8,-37,-36,-105]} 1. e4 e5 2. Nf3 Nc6 3. Nc3 g6 4. Bb5 Bg7 5. O-O Nge7 6. d3 h6 7. Be3 O-O 8. Qd2 Kh7 9. Ne2 f5 10. exf5 Nxf5 11. Bxc6 bxc6 12. Ng3 Nxe3 13. Qxe3 d6 14. h3 Bd7 15. d4 exd4 16. Nxd4 Qf6 17. c3 c5 18. Nf3 Bc6 19. Rfe1 Rae8 20. Qd3 Bxf3 21. Qxf3 Qxf3 22. gxf3 Be5 23. Kg2 d5 24. Rad1 c6 25. Rd2 Bxg3 26. Rxe8 Rxe8 27. fxg3 Kg7 28. Kf2 Kf6 29. b3 a5 30. h4 a4 31. Rb2 Rb8 32. b4 cxb4 33. cxb4 c5 34. b5 Rb6 35. Ke3 Ke5 36. f4+ Kf5 37. Kf3 h5 38. Rd2 d4 39. Rb2 c4 40. Rb4 c3 41. Rxd4 Rxb5 42. Rc4 Rb2 43. Rxc3 Rxa2 44. Rc5+ Kf6 45. Rc6+ Kg7 46. Rc7+ Kh6 47. Ra7 a3 48. Ra6 Ra1 49. Ke2 a2 50. f5 1-0

[Event "Torneo de Navidad Base y Senior - Casino Primitivo"]
[Site "Calle Maestra 3 (Palacio de Cultura) - Jaén, Spain"]
[Date "2024.12.14"]
[Round "6.2"]
[White "Gamundi Salamanca, Antonio"]
[Black "Prieto Melendrez, Gustavo"]
[Result "1-0"]
[WhiteElo "2416"]
[BlackElo "1823"]
[PlyCount "63"]
[GameId "2123155125511798"]
[EventDate "2024.??.??"]

{[%evp 0,56,24,-6,18,16,18,5,10,14,27,40,23,21,20,14,6,4,10,14,8,25,9,17,36,9,17,19,9,-13,64,76,58,66,121,64,85,27,90,-1,93,29,55,56,-63,64,211,150,218,214,245,220,136,174,58,169,272,243,164]} 1. e4 e5 2. Nf3 Nc6 3. Bb5 a6 4. Ba4 d6 5. c3 Nf6 6. d3 b5 7. Bb3 Be7 8. Nbd2 O-O 9. O-O Na5 10. Bc2 c5 11. Re1 Bb7 12. Nf1 Nc6 13. d4 cxd4 14. cxd4 Rc8 15. d5 Nb4 16. Bb1 Qc7 17. Ne3 a5 18. a3 Na6 19. Nf5 Nc5 20. Nxe7+ Qxe7 21. Bd2 a4 22. Bc2 Nxd5 23. exd5 Bxd5 24. Bb4 Ba8 25. Re3 f5 26. Qe1 f4 27. Rc3 Rfe8 28. Rd1 e4 29. Nd4 Nd3 30. Bxd3 exd3 31. Qxe7 Rxe7 32. Rxc8+ 1-0

[Event "Torneo de Navidad Base y Senior - Casino Primitivo"]
[Site "Calle Maestra 3 (Palacio de Cultura) - Jaén, Spain"]
[Date "2024.12.14"]
[Round "6.3"]
[White "Castillo Gallego, Sergio"]
[Black "Sanchez Escabias, Manuel"]
[Result "1-0"]
[WhiteElo "2159"]
[BlackElo "1794"]
[PlyCount "55"]
[GameId "2123155159561863"]
[EventDate "2024.??.??"]

{[%evp 0,53,21,22,20,18,20,20,21,32,35,-40,34,32,94,99,95,168,240,248,219,82,136,141,91,38,48,-1,-2,-13,-27,-50,-48,-83,-15,-15,-33,-56,-16,-31,38,-3,21,21,55,55,65,47,86,-1,39,114,100,112,443,435]} 1. e4 c6 2. d4 d5 3. e5 c5 4. Nf3 Bg4 5. dxc5 Nc6 6. c3 a5 7. Be3 Bxf3 8. Qxf3 Nxe5 9. Bb5+ Nc6 10. Nd2 Nf6 11. O-O-O e6 12. g4 Be7 13. g5 Nd7 14. h4 Bxc5 15. Bxc5 Nxc5 16. Qe3 Nd7 17. h5 Qb6 18. Qe2 Qc7 19. g6 Qe5 20. Qg4 f5 21. Qa4 Qc7 22. Rhe1 e5 23. Nf3 e4 24. Rxd5 O-O 25. Ng5 Nb6 26. Qb3 Qf4+ 27. Rd2+ Rf7 28. Qxf7+ 1-0

[Event "Torneo de Navidad Base y Senior - Casino Primitivo"]
[Site "Calle Maestra 3 (Palacio de Cultura) - Jaén, Spain"]
[Date "2024.12.14"]
[Round "6.4"]
[White "Ordonez Torres, Maria del Carmen"]
[Black "Cabecerans Cabecerans, Enrique"]
[Result "1-0"]
[WhiteElo "2046"]
[BlackElo "1756"]
[PlyCount "31"]
[GameId "2123155198351000"]
[EventDate "2024.??.??"]

{[%evp 0,31,16,43,12,56,18,10,0,15,7,14,8,6,12,11,8,-13,-11,-21,-11,-50,-15,-17,195,206,266,284,286,263,302,326,561,559]} 1. e4 e5 2. Nf3 Nc6 3. Bc4 Nf6 4. d3 Bc5 5. Nbd2 d6 6. c3 a6 7. Bb3 Be6 8. Bc2 h6 9. h3 Qd7 10. Nf1 Ba7 11. d4 Bc4 12. Ne3 Bb5 13. a4 exd4 14. cxd4 Bxa4 15. Bxa4 O-O 16. d5 1-0

[Event "Torneo de Navidad Base y Senior - Casino Primitivo"]
[Site "Calle Maestra 3 (Palacio de Cultura) - Jaén, Spain"]
[Date "2024.12.14"]
[Round "6.6"]
[White "Liebana Sanchez, Hugo"]
[Black "Saez Iniguez, Luis Miguel"]
[Result "1-0"]
[WhiteElo "1863"]
[BlackElo "1727"]
[PlyCount "77"]
[GameId "2123155268077242"]
[EventDate "2024.??.??"]

{[%evp 0,42,18,10,16,16,46,18,19,30,26,36,37,26,59,49,56,81,55,53,101,80,85,217,96,129,105,87,66,58,105,0,37,11,72,-15,97,-130,-21,-11,35,-107,-61,-173,-108]} 1. d4 Nf6 2. c4 g6 3. Nc3 Bg7 4. e4 d6 5. Nf3 O-O 6. Be2 Nc6 7. O-O e5 8. d5 Ne7 9. Be3 Bg4 10. b4 Bxf3 11. Bxf3 Nd7 12. c5 f5 13. cxd6 cxd6 14. Bg5 Bf6 15. Bxf6 Nxf6 16. Rc1 Rc8 17. Re1 Qb6 18. Qb3 Kg7 19. Na4 Qd4 20. exf5 Nxf5 21. Qb2 Qf4 22. Rc3 Kg8 23. Rec1 Rxc3 24. Qxc3 e4 25. Be2 Nxd5 26. Bc4 Nfe7 27. Qb2 h5 28. Rd1 Rf5 29. Nc3 Qg5 30. Nxd5 Nxd5 31. Bxd5+ Rxd5 32. Qb3 e3 33. fxe3 Kg7 34. Qxd5 Qxe3+ 35. Kh1 Qe2 36. a4 Qc2 37. Qxd6 Qxa4 38. Qd7+ Qxd7 39. Rxd7+ 1-0

[Event "Torneo de Navidad Base y Senior - Casino Primitivo"]
[Site "Calle Maestra 3 (Palacio de Cultura) - Jaén, Spain"]
[Date "2024.12.14"]
[Round "6.7"]
[White "Plazas Sanchez, Ruben"]
[Black "Barruz Serrano, Antonio Angel"]
[Result "0-1"]
[WhiteElo "1613"]
[BlackElo "1938"]
[PlyCount "155"]
[GameId "2123155302217419"]
[EventDate "2024.??.??"]

{[%evp 0,51,14,25,20,6,42,-10,-2,-38,45,43,54,60,46,51,46,109,39,61,39,120,41,0,59,145,153,155,211,223,103,150,181,215,214,180,178,137,180,230,198,260,244,-6,-40,33,56,44,39,170,34,65,504,494]} 1. e4 c5 2. c3 d6 3. d4 cxd4 4. cxd4 Nf6 5. Bd3 g6 6. Nf3 Bg7 7. O-O O-O 8. Nc3 Bg4 9. h3 Bxf3 10. Qxf3 Qb6 11. Qe2 e6 12. Be3 Nfd7 13. d5 Bd4 14. Bxd4 Qxd4 15. Nb5 Qb6 16. dxe6 fxe6 17. Rac1 Nc6 18. Bc4 Rf6 19. Rcd1 a6 20. Nxd6 Nd4 21. Rxd4 Qxd4 22. Rd1 Qe5 23. Nxb7 Nb6 24. Bb3 Ra7 25. Nd8 a5 26. Nc6 Qc7 27. Nxa7 Qxa7 28. e5 Rf8 29. Bxe6+ Kg7 30. Bb3 a4 31. Bc2 Qe7 32. Rd6 Nc8 33. Rd3 Re8 34. Re3 Nb6 35. Qb5 Rb8 36. e6 Rb7 37. Qe5+ Kg8 38. Be4 Nc4 39. Qd5 Nxe3 40. Qxb7 Qxb7 41. Bxb7 Nf5 42. g4 Nd6 43. Bc6 Kf8 44. f4 Ke7 45. f5 gxf5 46. gxf5 Nxf5 47. Bxa4 Kxe6 48. Bc2 Nd4 49. Bxh7 Nf3+ 50. Kf2 Ng5 51. Bc2 Nxh3+ 52. Ke3 Ng5 53. Kd4 Nf3+ 54. Kc5 Ne1 55. Bb1 Kd7 56. Kb6 Nf3 57. a4 Nd2 58. Bh7 Nc4+ 59. Kb5 Nd6+ 60. Kb4 Kc6 61. a5 Kb7 62. Ka4 Nc4 63. b4 Nb2+ 64. Kb3 Nd1 65. b5 Ne3 66. Bg8 Nf5 67. Kb4 Nd6 68. Bd5+ Ka7 69. Bc4 Kb7 70. Kc5 Ne4+ 71. Kd4 Nd6 72. Kd5 Nf5 73. Bd3 Ne7+ 74. Kd6 Nc8+ 75. Kd7 Na7 76. Be4+ Kb8 77. b6 Nb5 78. a6 0-1

[Event "Torneo de Navidad Base y Senior - Casino Primitivo"]
[Site "Calle Maestra 3 (Palacio de Cultura) - Jaén, Spain"]
[Date "2024.12.14"]
[Round "7.3"]
[White "Ordonez Torres, Maria del Carmen"]
[Black "Blanca Almagro, Miguel Angel"]
[Result "1-0"]
[WhiteElo "2046"]
[BlackElo "1896"]
[PlyCount "57"]
[GameId "2123155467925260"]
[EventDate "2024.??.??"]

{[%evp 0,57,16,24,20,25,25,24,25,26,20,19,18,18,21,17,17,23,31,12,-88,16,-17,14,52,-16,68,59,135,78,94,112,110,109,411,394,403,384,478,412,407,442,442,393,497,443,443,482,445,442,448,407,146,428,440,376,431,382,813,889]} 1. e4 c5 2. Nf3 d6 3. d4 cxd4 4. Nxd4 Nf6 5. Nc3 a6 6. Be2 e6 7. O-O Be7 8. a4 Qc7 9. Be3 O-O 10. f4 Nc6 11. Kh1 b6 12. Nxc6 Qxc6 13. Bf3 e5 14. Nd5 Nxd5 15. exd5 Qc7 16. fxe5 dxe5 17. d6 Bxd6 18. Bxa8 Rd8 19. Qh5 Be6 20. Be4 g6 21. Qh4 Be7 22. Bg5 Bxg5 23. Qxg5 Rd4 24. Bf3 Kg7 25. Rad1 f6 26. Qg3 Rxa4 27. Bd5 Bc8 28. Qc3 Qe7 29. Qxc8 1-0

[Event "Torneo de Navidad Base y Senior - Casino Primitivo"]
[Site "Calle Maestra 3 (Palacio de Cultura) - Jaén, Spain"]
[Date "2024.12.14"]
[Round "7.4"]
[White "Barruz Serrano, Antonio Angel"]
[Black "Liebana Sanchez, Hugo"]
[Result "1/2-1/2"]
[WhiteElo "1938"]
[BlackElo "1863"]
[PlyCount "127"]
[GameId "2123155544815390"]
[EventDate "2024.??.??"]

{[%evp 0,49,16,0,34,-1,26,43,33,28,26,10,7,2,15,14,15,5,28,-5,-16,-55,11,34,20,-117,-59,-59,-67,-61,39,-52,-35,-44,-46,-65,-80,39,-54,-68,-61,-106,-127,-254,-58,-209,24,110,75,222,76,23]} 1. e4 e6 2. d4 d5 3. exd5 exd5 4. Bd3 Nc6 5. c3 Bd6 6. h3 Be6 7. Nf3 Qd7 8. b4 Nf6 9. b5 Ne7 10. Nbd2 O-O-O 11. Qa4 Kb8 12. Ng5 h6 13. Nxe6 Qxe6+ 14. Kf1 Ng6 15. Nf3 Ne4 16. Qc2 Rde8 17. Be3 Bf4 18. Re1 Bxe3 19. Rxe3 Nf4 20. Bxe4 dxe4 21. Ne1 Qc4+ 22. Kg1 Nd3 23. Kh2 f5 24. Nxd3 exd3 25. Rxd3 Qxb5 26. c4 Qd7 27. Rhd1 Re7 28. Re3 Rhe8 29. Rxe7 Rxe7 30. Qd3 Qd6+ 31. Kg1 g6 32. Rb1 Re4 33. Rd1 a6 34. Qd2 g5 35. Qd3 Qe6 36. Kf1 Qd6 37. g3 Qe6 38. Qc2 f4 39. g4 h5 40. Qd3 hxg4 41. hxg4 Qxg4 42. Qxe4 Qxd1+ 43. Kg2 Qg4+ 44. Kh2 Qh5+ 45. Kg2 Qf7 46. d5 g4 47. Qe5 Kc8 48. c5 c6 49. Qh8+ Kd7 50. dxc6+ Kxc6 51. Qc8+ Kb5 52. Qxg4 Kxc5 53. Qg5+ Kb4 54. Kf3 Qxa2 55. Qxf4+ Qc4 56. Qf8+ Qc5 57. Qf4+ Kb5 58. Kg4 a5 59. Qb8 Qxf2 60. Qxb7+ Ka4 61. Qc6+ Ka3 62. Qc3+ Ka4 63. Qc4+ Ka3 64. Qc3+ 1/2-1/2